Największe polskie miasta nad 20 najdłuższymi polskimi rzekami. - Statystyki

Ogólne statystyki
  • Ten quiz został rozwiązany 38 razy
  • Średni wynik to 7 z 20
Statystyki odpowiedzi
Rzeka Miasto % Poprawnych
Wisła Warszawa
100%
Odra Wrocław
92%
Warta Poznań
86%
Noteć Nakło nad Notecią
44%
Łyna Olsztyn
39%
San Przemyśl
39%
Brda Bydgoszcz
36%
Narew Łomża
36%
Wisłok Rzeszów
36%
Nysa Łużycka Zgorzelec
33%
Dunajec Tarnów
25%
Bug Wyszków
25%
Drawa Drawsko Pomorskie
22%
Prosna Kalisz
22%
Wda Świecie
22%
Bóbr Jelenia Góra
19%
Pilica Tomaszów Mazowiecki
19%
Drwęca Toruń
11%
Wieprz Lubartów
8%
Wkra Nowy Dwór Mazowiecki
6%
Nie znaleziono quizów pasujących do podanych kryteriów
Rozkład punktacji
Procent ludzi z każdym wynikiem
Percentyl według liczby udzielonych odpowiedzi
Twoja historia wyników
Nie rozwiązałeś tego quizu